| 000 | 00631nam a22002177a 4500 | ||
|---|---|---|---|
| 005 | 20170124110040.0 | ||
| 010 | _aA-998404 | ||
| 020 |
_c80.00 _a8176500100 |
||
| 035 | _aA-998404 | ||
| 037 | _bCen Lib/Ret | ||
| 040 |
_aDPL _bEN |
||
| 082 |
_a882 _bGIL |
||
| 100 |
_aGill, Tarlochan Singh _923525 |
||
| 245 |
_aAsoka : _cby Tarlochan Singh Gill _bhistorical play / |
||
| 260 |
_aNew Delhi _bStar publications _c1998 |
||
| 270 |
_bNew Delhi _a4/5-B, Asaf ali road _e110002 |
||
| 300 |
_a96p. _c21cm(Hb) |
||
| 650 |
_a literature _96262 |
||
| 650 |
_aEpic literature _923526 |
||
| 942 |
_2ddc _cEN _h882 _mGIL |
||
| 999 |
_c128477 _d128477 |
||